000
00311nam a22001457a 4500
020
_a
1-8442-2704-9
082
_a
823
_b
LAD/W
100
_a
LADYBIRD
245
_a
WALLACE & GROMIT
260
_a
UK
_b
LADYBIRD
300
_a
45
520
_a
ENGLISH SHORT STORY
650
_a
ENGLISH SHORT STORY
_z
UK
942
_c
BK
999
_c
4948
_d
4948